|
|
|
|
| LEADER |
01938nam a2200445 a 4500 |
| 001 |
001235470 |
| 003 |
CZ BrMZK |
| 005 |
20120911133324.0 |
| 006 |
m||||||||d|||||||| |
| 007 |
co^cg |
| 008 |
120730s2012 xr e 10| 0 cze |
| 015 |
|
|
|a cnb002373984
|
| 020 |
|
|
|a 978-80-263-0230-8
|q (CDR)
|
| 040 |
|
|
|a BOA001
|b cze
|
| 041 |
0 |
|
|a cze
|a slo
|
| 072 |
|
7 |
|a 159.9
|x Psychologie
|2 Konspekt
|9 17
|
| 080 |
|
|
|a 159.9
|2 MRF
|
| 080 |
|
|
|a (062.534)
|2 MRF
|
| 080 |
|
|
|a (0.034.44)
|2 MRF
|
| 111 |
2 |
|
|a Kondášův den (konference)
|d (2011 :
|c Brno, Česko)
|7 olak2012707566
|
| 245 |
1 |
0 |
|a Kondášův den 2011
|h [elektronický zdroj] :
|b sborník příspěvků z konference : 16.5. 2011, Brno /
|c editoři Jaroslava Dosedlová, Petra Baštářová
|
| 250 |
|
|
|a Vyd. 1.
|
| 260 |
|
|
|a Brno :
|b Tribun EU,
|c 2012
|
| 300 |
|
|
|a 1 CD-ROM
|
| 500 |
|
|
|a Pořádající instituce Psychologický ústav FF Masarykovy univerzity v Brně, Katedra psychológie FF Univerzity sv. Cyrila a Metoda v Trnavě
|
| 500 |
|
|
|a Název z titulní obrazovky ; označení vyd. z tiráže
|
| 538 |
|
|
|a Požadavky na systém: Adobe Acrobat Reader
|
| 546 |
|
|
|a Část. slovenský text
|
| 650 |
0 |
7 |
|a psychologie
|7 ph115948
|2 czenas
|
| 655 |
|
7 |
|a sborníky konferencí
|7 fd133333
|2 czenas
|
| 655 |
|
7 |
|a CD-ROM
|7 fd133955
|2 czenas
|
| 700 |
1 |
|
|a Baštářová, Petra
|7 ola2012707571
|4 edt
|
| 700 |
1 |
|
|a Dosedlová, Jaroslava,
|d 1969-
|7 mzk2005317784
|4 edt
|
| 710 |
2 |
|
|a Masarykova univerzita.
|b Psychologický ústav
|7 kn20010709046
|
| 710 |
2 |
|
|a Univerzita sv. Cyrila a Metoda v Trnave.
|b Katedra psychológie
|7 mzk2012713018
|
| 910 |
2 |
|
|a BOA001
|b CDR-1289.929
|
| 990 |
|
|
|a BK
|
| 991 |
|
|
|b 201209
|c NOV
|e n
|
| 996 |
3 |
|
|b 2610518665
|c CDR-1289.929
|l Stud. periodik/2.patro
|r Sklad / do 1 hodiny
|n 1
|p p.v.
|w 001269979
|u 000010
|a 1
|e BOA001
|j MZK50
|s N
|
| 996 |
3 |
|
|b 2610518666
|c CDR-1289.929
|l Stud. periodik/2.patro
|r Sklad / do 1 hodiny
|n 0
|p p.v.
|w 001269979
|u 000020
|a 1
|e BOA001
|j MZK50
|s N
|